| 000 | 01589ngm a2200313Ia 4500 | ||
|---|---|---|---|
| 001 | 40060 | ||
| 005 | 20230410123851.0 | ||
| 008 | 070622p20022001at 109 g vleng d | ||
| 035 | _a(OCoLC)ocn145335584 | ||
| 040 |
_aDRFGD _cDRFGD |
||
| 050 | 1 | 4 | _aCM DVD 01054 |
| 035 | _a(OCoLC)145335584 | ||
| 049 | _aGRAL | ||
| 245 | 0 | 0 |
_aMetropolis _h[videorecording] = _bMetoroporisu. |
| 260 |
_a[Australia] : _bColumbia Tristar Home Video Australia, _cc2002. |
||
| 300 |
_a2 videodiscs (109 min.) : _bsd., col. ; _c4 3/4 in. |
||
| 520 | _aSet in a futuristic city at the height of its civilisation. Tells the story of Tima, a beautiful and mysterious humanoid who does not realise that she is actually a highly advanced robot. It is Tima who must discover her true self and begin to bridge the gap between humans and humanoid, to save the entire city from the dark dictator Duke Red. | ||
| 538 | _aDVD. | ||
| 500 | _aWidescreen format (Aspect ratio 1.85:1). | ||
| 500 | _aSpecial features include 'Animax special: the making of Metropolis' - a thirty minute behind-the-scenes feature on the making of this movie and interviews with Rintaro and Katsuhiro Otomo. | ||
| 508 | _aBased on the comic by Osamu Tezuka ; screenplay by Katsuhiro Otomo ; directed by Rintaro. | ||
| 546 | _aSound tracks in Japanese, English with subtitles in English, french, spanish, portiguese, chinese, korean, thai | ||
| 650 | 0 |
_aAnimated films _zJapan. |
|
| 700 | 1 |
_aåOtomo, Katsuhiro, _d1954- |
|
| 700 | 1 |
_aTezuka, Osamu, _d1928-1989. |
|
| 700 | 1 | _aRintaro. | |
| 942 |
_2lcc _cdvd |
||
| 994 |
_aC0 _bDRFGD |
||
| 999 |
_c67473 _d67473 |
||